000 00759nam2a22002051 4500
001 RU\NLR\A1SV\147317
005 20251214192853.0
035 _a(NLR Aleph) 011430147
090 _a13492955
_c13492955
100 _a20170621d1926 u y0rusy50 ca
101 0 _arus
200 1 _aЗа июнь 1926 г.
_fНКПС. Моск.-Кур. ж. д.
215 _a24 с.
461 1 _1001RU\NLR\A1SV\112368
_12000#$v№ 6
_910147747
_c[Саратов]
_d[1926]
_nСарполиграфпром 10-е отд.
_tСводка распоряжений и разъяснений по Коммерческо-экономическому отделу
_v№ 6
801 0 _aRU
_bNLR
_c20170621
852 _aNLR
_j35/1358-1-3
942 _cBOOK
980 _aA1SV
980 _aNB